Every NBA Franchises Most Hated Player - Statistics

General Stats
  • This quiz has been taken 513 times
  • The average score is 8 of 31
Answer Stats
Team Answer % Correct
Heat LeBron James
85%
Lakers Kobe Bryant
53%
Celtics Kevin Garnett
50%
Bulls Dennis Rodman
46%
Jazz John Stockton - Karl Malone
42%
Raptors Vince Carter
38%
Pacers Reggie Miller
33%
76ers Allen Iverson
32%
Magic Dwight Howard
32%
Sonics Gary Payton
32%
Pelicans Chris Paul
31%
Suns Charles Barkley
28%
Pistons Bill Laimbeer
26%
Kings Ron Artest
26%
Cavs Ricky Davis
24%
Clippers Blake Griffin
21%
Nuggets J.R. Smith
21%
Wizards Gilbert Arenas
20%
Hawks Josh Smith
20%
Bucks Kareem Abdul-Jabbar
17%
Mavs Rajon Rondo
17%
Warriors Rick Barry
14%
Spurs Bruce Bowen
11%
Timberwolves Latrell Sprewell
11%
Hornets Stephen Jackson
9%
Thunder Kendrick Perkins
7%
Knicks Stephon Marbury
5%
Nets Kris Humphries
3%
Rockets Vernon Maxwell
3%
Grizzlies Shane Battier
2%
Trail Blazers Ruben Patterson
1%
No matching quizzes found
Score Distribution
Percent of People with Each Score
Percentile by Number Answered
Your Score History
You have not taken this quiz